Hindī kathā sāhitya. (Record no. 66307)

MARC details
000 -LEADER
fixed length control field 00620cam a22002411 4500
001 - CONTROL NUMBER
control field sa 65009618
003 - CONTROL NUMBER IDENTIFIER
control field DLC
005 - DATE AND TIME OF LATEST TRANSACTION
control field 20260227112203.0
008 - FIXED-LENGTH DATA ELEMENTS--GENERAL INFORMATION
fixed length control field 890908s1965 ii c b 000 0 hino
010 ## - LIBRARY OF CONGRESS CONTROL NUMBER
LC control number sa 65009618
035 ## - SYSTEM CONTROL NUMBER
System control number (OCoLC)20316942
040 ## - CATALOGING SOURCE
Original cataloging agency DLC
Transcribing agency WaU
Modifying agency DLC
042 ## - AUTHENTICATION CODE
Authentication code premarc
043 ## - GEOGRAPHIC AREA CODE
Geographic area code a-ii---
050 00 - LIBRARY OF CONGRESS CALL NUMBER
Classification number PK2042
Item number .R6
100 0# - MAIN ENTRY--PERSONAL NAME
Personal name Gopāla,
Dates associated with a name 1932-
245 10 - TITLE STATEMENT
Title Hindī kathā sāhitya.
260 ## - PUBLICATION, DISTRIBUTION, ETC.
Date of publication, distribution, etc. [1965]
300 ## - PHYSICAL DESCRIPTION
Extent 2, 6, iv, 462 p.
Other physical details ports.
Dimensions 25 cm.
500 ## - GENERAL NOTE
General note In Hindi.
504 ## - BIBLIOGRAPHY, ETC. NOTE
Bibliography, etc. note Bibliography: p. [449]-462.
650 #0 - SUBJECT ADDED ENTRY--TOPICAL TERM
Topical term or geographic name entry element Short stories, Hindi
General subdivision History and criticism.

No items available.

Powered by Koha